I Can Do It With A Broken Heart - Taylor Swift Lyrics - Statistics

General Stats
  • This quiz has been taken 97 times
  • The average score is 315 of 367
Answer Stats
LYRICS % Correct
a
100%
can
100%
He
100%
he
100%
I
100%
the
99%
The
99%
you
99%
You
99%
an
97%
broken
97%
do
97%
I'm
97%
it
97%
my
97%
with
97%
even
96%
heart
96%
when
96%
but
94%
life
94%
like
94%
me
94%
and
93%
And
93%
bitch
93%
every
93%
said
93%
smile
93%
was
93%
your
93%
hit
91%
lights
91%
Lights
91%
love
91%
make
91%
More!
91%
all
90%
All
90%
camera
90%
crowd
90%
did
90%
fake
90%
real
90%
time
90%
'Cause
88%
die
88%
floor
88%
handle
88%
kid
88%
shit
88%
short
88%
so
88%
tough
88%
act
87%
birthday
87%
chanting
87%
day
87%
gotta
87%
it's
87%
know
87%
till
87%
avoids
86%
cry
86%
depressed
86%
him
86%
his
86%
of
86%
that
86%
They
86%
you're
86%
art
84%
obsessed
84%
too
84%
wanna
84%
Babe
83%
her
83%
lot
83%
mind
83%
productive
83%
having
81%
plague
81%
She's
81%
am
80%
as
80%
good
80%
he'd
80%
read
80%
in
78%
down
77%
for
77%
pieces
77%
Breaking
75%
winnin'
75%
marks
72%
shattered
72%
hitting
71%
knows
67%
grinnin'
65%
show
65%
miserable
62%
nobody
61%
come
57%
job
57%
left
57%
this
57%
breath
55%
doing
55%
hold
55%
I've
55%
Try
55%
been
54%
night
54%
since
54%
There
54%
quite
51%
lies
49%
miles
49%
glittering
48%
stars
48%
stilettos
48%
prime
45%
test
43%
pass
42%
thing
41%
didn't
39%
drawers
39%
off
39%
sequin
39%
whole
39%
keep
38%
finding
36%
imagine
36%
refract
36%
sure
36%
silhouette
35%
Crucial
33%
evidence
32%
things
32%
huh
3%
piеces
0%
shatterеd
0%
No matching quizzes found
Score Distribution
Percent of People with Each Score
Percentile by Number Answered
Your Score History
You have not taken this quiz